000 00320 a2200157 4500
001 188087
020 _a978-85-86740-65-7
040 _cMagnum
100 _aJose, Elias
240 1 0 _aDisque poesia
_lpor
245 1 0 _aDisque poesia
300 _a32
362 0 _a2008
697 _aLITERATURA INFANTO
942 _cBK
999 _c188087
_d188087